000 02403nam a2200517 u 4500
001 6844
003 CO-MdUADB
005 20260428104254.0
007 ta
008 951109s1995 spa
020 _a8448117700
020 _a9788448117689
035 _a6844
035 _a(OCoLC)733686078
040 _aCO-MdUADB
_bspa
_cCO-MdUADB
_erda
041 _aspa
082 4 _a515
100 1 0 _aLarson, Roland E.,
_d1941-
_4aut
_eaut
_9311788
245 1 0 _aCálculo y geometría analítica. Volumen 1
250 _a5. edición
264 1 _aBarcelona :
_bMcGraw-Hill Interamericana,
_c1995
300 _a2 volúmenes (xvii, 770 páginas volumen 1;) :
_bilustraciones.
336 _2rdacontent
_atexto
_btxt
337 _2rdamedia
_ano mediado
_bn
338 _2rdacarrier
_avolumen
_bnc
505 _aCONTENIDO : Volumen 1. -- 1: Plano cartesiano: Funciones. -- 2: Limites y sus propiedades. -- 3: Derivación. -- 4: Aplicaciones de la derivación. -- 5: Integración. -- 6: Aplicaciones de la integración. -- 7: Funciones logarítmicas y exponenciales. -- 8: Funciones trigonométricas y sus inversas. --- 9: Técnicas de integración: Integrales impropias. -- 10: Series infinitas. -- Volumen 2. -- 1: Cónicas. -- 12: Curvas en el plano, ecuaciones paramétricas y coordenadas polares. -- 13: Vectores y curvas en el plano. -- 14: Geometrías analítica y vectores en el espacio. -- 15: Funciones de varias variables. -- 16: Integración múltiple. -- 17: Análisis vectorial. -- 18: Ecuaciones diferenciales.
650 7 _aCálculo
_2lemb
_943718
650 7 _aDerivadas (Matemáticas)
_2lemb
_968735
650 7 _aNúmeros reales
_2lemb
_915104
650 _aIntegración
_923455
650 7 _aFunciones exponenciales
_2lemb
_94841
650 7 _aFunciones trigonométricas
_2lemb
_9173161
650 7 _aIntegrales
_2lemb
_9690
650 7 _aSeries infinitas
_2lemb
_933853
650 _aVectores
_96930
650 7 _aCurvas algebraicas
_2lemb
_945063
650 7 _aGeometría analítica
_2lemb
_94691
650 7 _aCoordenadas
_2lemb
_93233
650 7 _aFunciones de variable compleja
_2lemb
_912341
650 7 _aAnálisis vectorial
_2lemb
_9688
650 7 _aEcuaciones diferenciales
_2lemb
_94620
650 7 _aCálculo
_2lemb
_943718
700 1 0 _aEdwards, Bruce H.,
_d1946-
_4aut
_eaut
_9469627
700 1 0 _aHostetler, Robert P.
_4aut
_eaut
_9238071
942 _cBOOK
_2ddc
999 _c3287
_d3287